[Event "13.Città di Padova Open A"]
[Site "Padova Ex Fornace Carotta"]
[Date "2010.12.16"]
[Round "6.15"]
[White "Teodonio, Fabrizio"]
[Black "Bondielli, Giorgio"]
[Result "1-0"]
[WhiteElo "2002"]
[BlackElo "1872"]
[Annotator "Gabriele Ballarin"]
[PlyCount "55"]
[EventDate "2010.12.12"]
[EventType "swiss"]
[EventRounds "9"]
[EventCountry "ITA"]

1. e4 e5 2. Nf3 Nf6 3. Nxe5 d6 4. Nf3 Nxe4 5. Nc3 Nxc3 6. dxc3 Be7 7. Be3 Nc6 8. Qd2 Be6 9. O-O-O Qd7 10. Kb1 O-O-O 11. Nd4 Bf6 12. Nxe6 fxe6 13. Bb5 a6 14. Be2 Kb8 15. f4 Ne7 16. Bf3 Qb5 17. Rhe1 Nf5 18. Bf2 Rhe8 19. g4 Nh4 20. Be2 Qa5 21. g5 Ng2 22. Rg1 Nxf4 23. Qxf4 Be5 24. Qb4 Qxb4 25. cxb4 Rf8 26. Be3 Bf4 27. Bxf4 Rxf4 28. Rdf1 1-0

[Event "13.Città di Padova Open A"]
[Site "Padova Ex Fornace Carotta"]
[Date "2010.12.16"]
[Round "6.16"]
[White "Litrico, Paolo"]
[Black "Lodi, Paolo"]
[Result "1-0"]
[WhiteElo "1946"]
[BlackElo "1641"]
[Annotator "Gabriele Ballarin"]
[PlyCount "61"]
[EventDate "2010.12.12"]
[EventType "swiss"]
[EventRounds "9"]
[EventCountry "ITA"]

1. d4 f5 2. Nc3 e6 3. e4 fxe4 4. Nxe4 Nf6 5. Bg5 Be7 6. Bxf6 Bxf6 7. Qh5+ g6 8. Qh6 Qe7 9. Nxf6+ Qxf6 10. O-O-O d5 11. Nf3 Nd7 12. h4 Qf8 13. Qe3 Nf6 14. Qe5 c6 15. Bd3 Ng4 16. Qg3 Nh6 17. Rde1 Nf5 18. Qc7 Qd6 19. Qxd6 Nxd6 20. Ng5 Ke7 21. h5 Kf6 22. f4 Bd7 23. g4 Rae8 24. Rh2 Re7 25. hxg6 h6 26. Nf3 Kg7 27. Nh4 Ne8 28. Nf5+ Kxg6 29. Nxe7+ Kf7 30. Ng6 Ng7 31. Nxh8+ 1-0

[Event "13.Città di Padova Open A"]
[Site "Padova Ex Fornace Carotta"]
[Date "2010.12.16"]
[Round "6.17"]
[White "Belloni, Umberto"]
[Black "Di Lazzaro, Gabriele"]
[Result "0-1"]
[WhiteElo "1866"]
[BlackElo "1901"]
[Annotator "Gabriele Ballarin"]
[PlyCount "108"]
[EventDate "2010.12.12"]
[EventType "swiss"]
[EventRounds "9"]
[EventCountry "ITA"]

1. d4 Nf6 2. Bg5 Ne4 3. Bf4 c5 4. d5 Qb6 5. Qc1 c4 6. e3 Qa5+ 7. Nd2 c3 8. bxc3 Nxc3 9. d6 Ne4 10. dxe7 Bxe7 11. Ngf3 Bb4 12. Bd3 d5 13. Bxe4 dxe4 14. Nd4 Bc3 15. N4b3 Qd5 16. Rb1 O-O 17. O-O Nc6 18. Rd1 Bg4 19. Nf3 Qh5 20. Nfd4 Bxd1 21. Nxc6 Bg4 22. Ncd4 Rfd8 23. Qf1 Rac8 24. h3 Bd7 25. g4 Qg6 26. Qg2 h6 27. Ne2 Be6 28. Nbd4 Bxd4 29. Nxd4 b6 30. Kh2 Rc5 31. Ra1 Rdc8 32. a4 Bd7 33. Rd1 Kh7 34. Nb3 Bxa4 35. Rd6 f6 36. Nxc5 Rxc5 37. c3 Rxc3 38. Qf1 Rc6 39. Rd4 Bc2 40. Rd7 Bd3 41. Qa1 a6 42. Qd4 Qe8 43. Rd8 Qe6 44. Qb4 Rc8 45. Rxc8 Qxc8 46. Qxb6 Qc2 47. Bg3 Be2 48. Qe6 Qc4 49. Qf5+ Kh8 50. Bh4 Qc7+ 51. Bg3 Qc6 52. h4 Bf3 53. Bb8 Qc1 54. h5 Qh1+ 0-1

[Event "13.Città di Padova Open A"]
[Site "Padova Ex Fornace Carotta"]
[Date "2010.12.16"]
[Round "6.18"]
[White "Zordan, Antonio"]
[Black "De Marchi, Alessandro"]
[Result "1-0"]
[WhiteElo "1778"]
[BlackElo "1666"]
[Annotator "Gabriele Ballarin"]
[PlyCount "45"]
[EventDate "2010.12.12"]
[EventType "swiss"]
[EventRounds "9"]
[EventCountry "ITA"]

1. e4 c5 2. c4 e6 3. Nc3 a6 4. Nf3 Nc6 5. d4 cxd4 6. Nxd4 Qc7 7. Be3 Nf6 8. Bd3 Ne5 9. Qe2 Nxd3+ 10. Qxd3 Bb4 11. Bd2 d5 12. exd5 O-O 13. O-O Ng4 14. f4 e5 15. fxe5 Nxe5 16. Qg3 Bc5 17. Be3 Bd7 18. Ne4 Bxd4 19. Bxd4 Rae8 20. Nf6+ Kh8 21. Nxe8 Rxe8 22. Rxf7 g6 23. Qh4 1-0

[Event "13.Città di Padova Open A"]
[Site "Padova Ex Fornace Carotta"]
[Date "2010.12.16"]
[Round "6.19"]
[White "Traversi, Carlo"]
[Black "Bozzao, Francesco"]
[Result "0-1"]
[WhiteElo "1652"]
[BlackElo "1881"]
[Annotator "Gabriele Ballarin"]
[PlyCount "78"]
[EventDate "2010.12.12"]
[EventType "swiss"]
[EventRounds "9"]
[EventCountry "ITA"]

1. e4 c5 2. g3 Nc6 3. Bg2 g6 4. Ne2 Bg7 5. Nbc3 d6 6. O-O Nf6 7. d3 O-O 8. Rb1 Rb8 9. a3 Bg4 10. h3 Bd7 11. Nf4 a5 12. Ncd5 b5 13. Nxf6+ Bxf6 14. Nd5 Bg7 15. c3 b4 16. Bd2 Re8 17. axb4 axb4 18. c4 Qc8 19. Be3 Bxh3 20. Qe2 Ne5 21. Nf4 Bd7 22. Nd5 e6 23. Nf4 Ra8 24. Ra1 Qb7 25. d4 Rxa1 26. Rxa1 Nxc4 27. Qe1 Nxe3 28. fxe3 cxd4 29. Kh2 dxe3 30. Qxe3 Ra8 31. Rd1 Ra6 32. Qf2 Qb6 33. Qc2 b3 34. Qd2 Bc8 35. Nh3 Bb7 36. Qf4 Qd8 37. Ng5 Qf6 38. Qh4 h6 39. Rf1 Qxg5 0-1

[Event "13.Città di Padova Open A"]
[Site "Padova Ex Fornace Carotta"]
[Date "2010.12.16"]
[Round "6.20"]
[White "Zanini, Andrea"]
[Black "Rizzo, Giuseppe"]
[Result "1/2-1/2"]
[WhiteElo "1687"]
[BlackElo "1671"]
[Annotator "Gabriele Ballarin"]
[PlyCount "81"]
[EventDate "2010.12.12"]
[EventType "swiss"]
[EventRounds "9"]
[EventCountry "ITA"]

1. d4 Nf6 2. Nf3 g6 3. e3 Bg7 4. b3 d5 5. Bb2 O-O 6. c4 c5 7. Be2 cxd4 8. exd4 Nc6 9. O-O dxc4 10. bxc4 Nh5 11. g3 Bg4 12. Na3 Qd7 13. Ne5 Nxe5 14. dxe5 Qxd1 15. Bxd1 Bxd1 16. Rfxd1 Rfd8 17. Kg2 Bf8 18. Nc2 Ng7 19. Ne3 e6 20. Ng4 Ne8 21. Rab1 h5 22. Ne3 Bc5 23. Kf3 Kf8 24. h3 b6 25. g4 Ng7 26. g5 Ke8 27. Bc3 Rxd1 28. Rxd1 Rd8 29. Rxd8+ Kxd8 30. Ke4 Kd7 31. Bd4 Kc6 32. a4 Ne8 33. Nc2 Nc7 34. Ke3 Na6 35. Kd3 Be7 36. h4 Bc5 37. Kc3 Nc7 38. Kd3 Ne8 39. Kc3 Ng7 40. Ne3 a5 41. Kd3 1/2-1/2

[Event "13.Città di Padova Open A"]
[Site "Padova Ex Fornace Carotta"]
[Date "2010.12.17"]
[Round "7.1"]
[White "Genocchio, Daniele"]
[Black "Lazic, Miroljub"]
[Result "1-0"]
[WhiteElo "2433"]
[BlackElo "2480"]
[Annotator "Gabriele Ballarin"]
[PlyCount "81"]
[EventDate "2010.12.12"]
[EventType "swiss"]
[EventRounds "9"]
[EventCountry "ITA"]

1. e4 d6 2. d4 Nf6 3. f3 g6 4. Nc3 Bg7 5. Be3 O-O 6. Qd2 Nc6 7. O-O-O e5 8. Nge2 Nd7 9. h4 Nb6 10. b3 exd4 11. Nxd4 d5 12. Nxc6 bxc6 13. Bd4 Bxd4 14. Qxd4 Be6 15. h5 Qe7 16. hxg6 fxg6 17. Qe5 Qf6 18. Qxf6 Rxf6 19. Ba6 Rb8 20. Rhe1 Kf8 21. a4 dxe4 22. Nxe4 Rf5 23. Ng3 Rf6 24. Ne4 Rf5 25. Ng3 Rf6 26. a5 Nd5 27. Ne4 Rf5 28. Nc5 Bc8 29. c4 Nf4 30. Rd8+ Kg7 31. g3 Rxc5 32. gxf4 Rxb3 33. Rxc8 Rxf3 34. Re5 Rxe5 35. fxe5 g5 36. Rxc7+ Kg6 37. Kd2 Ra3 38. Rxc6+ Kf5 39. Rc5 g4 40. Bc8+ Kf4 41. e6 1-0

[Event "13.Città di Padova Open A"]
[Site "Padova Ex Fornace Carotta"]
[Date "2010.12.17"]
[Round "7.2"]
[White "Laketic, Gojko"]
[Black "Zaja, Ivan"]
[Result "1/2-1/2"]
[WhiteElo "2459"]
[BlackElo "2489"]
[Annotator "Gabriele Ballarin"]
[PlyCount "21"]
[EventDate "2010.12.12"]
[EventType "swiss"]
[EventRounds "9"]
[EventCountry "ITA"]

1. d4 e6 2. e4 d5 3. Nd2 Nf6 4. e5 Nfd7 5. Bd3 c5 6. c3 Nc6 7. Ne2 cxd4 8. cxd4 f6 9. exf6 Qxf6 10. Nf3 Bd6 11. O-O 1/2-1/2

[Event "13.Città di Padova Open A"]
[Site "Padova Ex Fornace Carotta"]
[Date "2010.12.17"]
[Round "7.3"]
[White "Solomon, Kenny"]
[Black "Collutiis, Duilio"]
[Result "1/2-1/2"]
[WhiteElo "2215"]
[BlackElo "2473"]
[Annotator "Gabriele Ballarin"]
[PlyCount "92"]
[EventDate "2010.12.12"]
[EventType "swiss"]
[EventRounds "9"]
[EventCountry "ITA"]

1. Nf3 Nf6 2. c4 g6 3. Nc3 Bg7 4. d4 d5 5. Qb3 dxc4 6. Qxc4 O-O 7. e4 Na6 8. Be2 c5 9. d5 e6 10. O-O exd5 11. exd5 Bf5 12. Rd1 Re8 13. Bf4 Qb6 14. Nh4 Bd7 15. a3 h6 16. Nf3 Bf5 17. Qb5 Ne4 18. Na4 Qxb5 19. Bxb5 Red8 20. Bxa6 bxa6 21. Ne5 g5 22. Nc6 Re8 23. Be3 Bd7 24. f3 Nf6 25. Bxc5 Nxd5 26. Ne7+ Kh7 27. Nxd5 Bxa4 28. Nc7 Rec8 29. Nxa8 Bxd1 30. Rxd1 Rxc5 31. Rd7 Bxb2 32. Kf1 Kg8 33. Rxa7 a5 34. a4 Rc1+ 35. Ke2 Rc2+ 36. Kd3 Rxg2 37. Rxa5 Rxh2 38. Rb5 Bc1 39. Nc7 Rd2+ 40. Ke4 Ra2 41. Rb4 h5 42. Nd5 Kg7 43. Rc4 Bd2 44. Kf5 Ra3 45. f4 gxf4 46. Nf6 Rc3 1/2-1/2

[Event "13.Città di Padova Open A"]
[Site "Padova Ex Fornace Carotta"]
[Date "2010.12.17"]
[Round "7.4"]
[White "Mrdja, Milan"]
[Black "Kizov, Atanas"]
[Result "1/2-1/2"]
[WhiteElo "2418"]
[BlackElo "2374"]
[Annotator "Gabriele Ballarin"]
[PlyCount "31"]
[EventDate "2010.12.12"]
[EventType "swiss"]
[EventRounds "9"]
[EventCountry "ITA"]

1. Nf3 Nf6 2. g3 g6 3. Bg2 Bg7 4. O-O O-O 5. d4 d6 6. Re1 Nbd7 7. e4 e5 8. dxe5 dxe5 9. b3 Re8 10. Bb2 Qe7 11. Nbd2 Rd8 12. Qe2 b6 13. a4 a6 14. Ba3 Nc5 15. Qe3 Nfd7 16. Rad1 1/2-1/2

[Event "13.Città di Padova Open A"]
[Site "Padova Ex Fornace Carotta"]
[Date "2010.12.17"]
[Round "7.5"]
[White "Gastiaburo, Hernan"]
[Black "Manca, Federico"]
[Result "1/2-1/2"]
[WhiteElo "2205"]
[BlackElo "2405"]
[Annotator "Gabriele Ballarin"]
[PlyCount "58"]
[EventDate "2010.12.12"]
[EventType "swiss"]
[EventRounds "9"]
[EventCountry "ITA"]

1. e4 e5 2. Nf3 Nc6 3. Bb5 a6 4. Bxc6 dxc6 5. Nc3 f6 6. d4 Bb4 7. dxe5 Qxd1+ 8. Kxd1 Bg4 9. Bf4 O-O-O+ 10. Ke2 Bxc3 11. bxc3 Re8 12. Ke3 Bxf3 13. Kxf3 fxe5 14. Bg3 Nf6 15. Ke3 Nh5 16. Rad1 Rhf8 17. Rd2 Nf4 18. f3 g5 19. h4 h6 20. hxg5 hxg5 21. Rh7 Rh8 22. Rg7 Rhg8 23. Rh7 Rh8 24. Rg7 Rhg8 25. Rf7 Rgf8 26. Rf5 Ne6 27. Kd3 Nf4+ 28. Ke3 Nd5+ 29. Kd3 Nf4+ 1/2-1/2

[Event "13.Città di Padova Open A"]
[Site "Padova Ex Fornace Carotta"]
[Date "2010.12.17"]
[Round "7.6"]
[White "Voiska, Margarita"]
[Black "Naumkin, Igor"]
[Result "0-1"]
[WhiteElo "2320"]
[BlackElo "2506"]
[Annotator "Gabriele Ballarin"]
[PlyCount "82"]
[EventDate "2010.12.12"]
[EventType "swiss"]
[EventRounds "9"]
[EventCountry "ITA"]

1. Nf3 Nf6 2. c4 e6 3. g3 d5 4. Bg2 d4 5. O-O c5 6. e3 Nc6 7. exd4 cxd4 8. d3 Be7 9. Na3 O-O 10. Nc2 a5 11. a3 e5 12. Re1 Nd7 13. Rb1 a4 14. Bd2 h6 15. Nb4 Bd6 16. Nh4 Ne7 17. Nd5 Nxd5 18. Bxd5 Nf6 19. Bg2 Re8 20. Qc2 Ra7 21. Bb4 b6 22. Nf3 Bf5 23. Nd2 Bc5 24. b3 axb3 25. Qxb3 Rae7 26. Bc6 Bd7 27. Bxc5 bxc5 28. Qb5 Qc8 29. Bxd7 Rxd7 30. f3 Ra7 31. Rb3 Nd7 32. Ne4 Re6 33. Reb1 Kh7 34. g4 f5 35. gxf5 Rb6 36. Qxb6 Nxb6 37. Rxb6 Qxf5 38. Rf1 Rxa3 39. Nxc5 Qg5+ 40. Kh1 Ra2 41. Rg1 Qd2 0-1

[Event "13.Città di Padova Open A"]
[Site "Padova Ex Fornace Carotta"]
[Date "2010.12.17"]
[Round "7.7"]
[White "Rogulj, Branko"]
[Black "De Santis, Alessio"]
[Result "1/2-1/2"]
[WhiteElo "2403"]
[BlackElo "2293"]
[Annotator "Gabriele Ballarin"]
[PlyCount "82"]
[EventDate "2010.12.12"]
[EventType "swiss"]
[EventRounds "9"]
[EventCountry "ITA"]

1. e4 e6 2. d4 d5 3. Nc3 Nf6 4. e5 Nfd7 5. f4 c5 6. Nf3 Nc6 7. Be3 cxd4 8. Nxd4 a6 9. Qd2 Bc5 10. O-O-O O-O 11. Kb1 Nxd4 12. Bxd4 b5 13. Ne2 a5 14. Qe3 Qc7 15. h4 b4 16. h5 Ba6 17. Bxc5 Nxc5 18. Nd4 Bxf1 19. Rhxf1 Ne4 20. Nf3 Rfc8 21. Rc1 a4 22. a3 bxa3 23. Qxa3 Qb6 24. Ka1 Rab8 25. Rfd1 Rc4 26. f5 Rb4 27. Rb1 d4 28. fxe6 fxe6 29. Ne1 Nc3 30. Nd3 Rb3 31. Rf1 Nxb1 32. Kxb1 h6 33. Rf4 Qb7 34. g4 Qh1+ 35. Ka2 Qd5 36. Kb1 Qh1+ 37. Ka2 Qg2 38. Kb1 Qg1+ 39. Ka2 Qg2 40. Kb1 Qg1+ 41. Ka2 Qg2 1/2-1/2

[Event "13.Città di Padova Open A"]
[Site "Padova Ex Fornace Carotta"]
[Date "2010.12.17"]
[Round "7.8"]
[White "Santolini, Luigi"]
[Black "Dragojlovic, Andjelko"]
[Result "0-1"]
[WhiteElo "2107"]
[BlackElo "2395"]
[Annotator "Gabriele Ballarin"]
[PlyCount "106"]
[EventDate "2010.12.12"]
[EventType "swiss"]
[EventRounds "9"]
[EventCountry "ITA"]

1. d4 Nf6 2. c4 g6 3. Nc3 d5 4. e3 Bg7 5. cxd5 Nxd5 6. Nxd5 Qxd5 7. Ne2 O-O 8. Nc3 Qa5 9. Bc4 c5 10. O-O cxd4 11. exd4 Nc6 12. d5 Ne5 13. Be2 Bf5 14. Bg5 Rfe8 15. Qb3 a6 16. a4 h6 17. Be3 Qc7 18. h3 Rac8 19. Bb6 Qb8 20. Rfd1 Nd7 21. g4 Bc2 22. Qxc2 Nxb6 23. Qb3 Nd7 24. Rac1 Qf4 25. Bf1 Bd4 26. Rc2 Be5 27. Bg2 Nc5 28. Qa3 Nxa4 29. Rd3 b5 30. Rf3 Qd4 31. Re2 Bd6 32. Qa1 Nc5 33. Qb1 b4 34. Nd1 Rc7 35. Ne3 Rec8 36. Nc2 Qc4 37. Re1 Nd3 38. Ne3 Nxe1 39. Nxc4 Nxf3+ 40. Bxf3 Rxc4 41. Qa2 Rc1+ 42. Kg2 R8c2 43. Be4 Rd2 44. Qxa6 Bc5 45. Bxg6 Rxf2+ 46. Kg3 Rg1+ 47. Kh4 Bd6 48. Qd3 Rg3 49. Bxf7+ Kxf7 50. Qh7+ Ke8 51. Qg8+ Kd7 52. Qe6+ Kc7 53. g5 Rxg5 0-1

[Event "13.Città di Padova Open A"]
[Site "Padova Ex Fornace Carotta"]
[Date "2010.12.17"]
[Round "7.9"]
[White "Zuttioni, Federico"]
[Black "Schaefer, Michael"]
[Result "1/2-1/2"]
[WhiteElo "1968"]
[BlackElo "2232"]
[Annotator "Gabriele Ballarin"]
[PlyCount "62"]
[EventDate "2010.12.12"]
[EventType "swiss"]
[EventRounds "9"]
[EventCountry "ITA"]

1. e4 d6 2. d4 Nf6 3. Nc3 e5 4. Nf3 Nbd7 5. Be2 Be7 6. O-O c6 7. a4 a5 8. Re1 O-O 9. Bg5 Re8 10. b3 h6 11. Bh4 Qb6 12. Bxf6 Nxf6 13. h3 Bf8 14. Bc4 exd4 15. Qxd4 Qxd4 16. Nxd4 Bd7 17. Rad1 Rad8 18. Kf1 Bc8 19. f3 d5 20. exd5 Rxe1+ 21. Rxe1 Bb4 22. Re3 Bc5 23. Rd3 cxd5 24. Nde2 Bf5 25. Nxd5 Nxd5 26. Rxd5 Rxd5 27. Bxd5 Bxc2 28. Bc4 Kf8 29. Nc3 f5 30. Ke2 f4 31. Ne4 Bb4 1/2-1/2

[Event "13.Città di Padova Open A"]
[Site "Padova Ex Fornace Carotta"]
[Date "2010.12.17"]
[Round "7.10"]
[White "Giuriato, Sergio"]
[Black "Boscolo, Federico Meneguolo"]
[Result "0-1"]
[WhiteElo "1934"]
[BlackElo "2179"]
[Annotator "Gabriele Ballarin"]
[PlyCount "102"]
[EventDate "2010.12.12"]
[EventType "swiss"]
[EventRounds "9"]
[EventCountry "ITA"]

1. d4 Nf6 2. c4 g6 3. Nf3 Bg7 4. g3 O-O 5. Bg2 d6 6. Nc3 c6 7. O-O Qa5 8. h3 Qa6 9. b3 b5 10. cxb5 cxb5 11. Bg5 Nbd7 12. e4 b4 13. Nd5 Nxd5 14. exd5 Nf6 15. Bxf6 Bxf6 16. Qd2 Bb7 17. Qxb4 Bxd5 18. Qd2 Rac8 19. Rfd1 Rc7 20. Ne1 Qb7 21. Bxd5 Qxd5 22. Ng2 Qf5 23. g4 Qe4 24. Qe3 Qxe3 25. Nxe3 e6 26. Nc4 d5 27. Ne5 Rfc8 28. Rd3 Rc2 29. Rf3 Bxe5 30. dxe5 Re2 31. a4 a5 32. b4 axb4 33. a5 Rxe5 34. a6 Re4 35. Ra5 Ra8 36. g5 Rc4 37. Rb5 Rc7 38. Rb6 Rca7 39. Rxb4 Rxa6 40. Rb7 Rf8 41. Rd7 Ra4 42. Kg2 Re4 43. Kg3 Re5 44. h4 Kg7 45. Rb3 h6 46. f4 Rf5 47. Rb6 hxg5 48. hxg5 e5 49. fxe5 Rxg5+ 50. Kf4 Rf5+ 51. Kg4 Rxe5 0-1

[Event "13.Città di Padova Open A"]
[Site "Padova Ex Fornace Carotta"]
[Date "2010.12.17"]
[Round "7.11"]
[White "Teodonio, Fabrizio"]
[Black "Gallo, Enrico"]
[Result "0-1"]
[WhiteElo "2002"]
[BlackElo "2093"]
[Annotator "Gabriele Ballarin"]
[PlyCount "114"]
[EventDate "2010.12.12"]
[EventType "swiss"]
[EventRounds "9"]
[EventCountry "ITA"]

1. e4 c5 2. c3 e6 3. d4 d5 4. exd5 exd5 5. Nf3 Nf6 6. Bb5+ Bd7 7. Qe2+ Qe7 8. O-O Qxe2 9. Bxe2 Be6 10. dxc5 Bxc5 11. Bf4 O-O 12. Nbd2 Nc6 13. Nb3 Bb6 14. Rad1 Rfe8 15. Rfe1 Bg4 16. Nfd4 Nxd4 17. Nxd4 Bxd4 18. Bxg4 Bxc3 19. bxc3 Nxg4 20. h3 Nf6 21. Be5 Rac8 22. f4 Red8 23. Bxf6 gxf6 24. Re7 Rxc3 25. Rxb7 Ra3 26. Rd2 Kf8 27. Kf2 d4 28. Rb3 Ra4 29. Rbd3 f5 30. g4 Ke7 31. Kf3 Ke6 32. gxf5+ Kxf5 33. Rc2 Rd6 34. Rc5+ Ke6 35. Rc2 Kd5 36. Rcd2 f5 37. Kf2 Rb6 38. Kg3 Rb1 39. Kh4 Ke4 40. Kg3 Rg1+ 41. Kf2 Ra1 42. Ke2 h5 43. Kf2 h4 44. Ke2 a5 45. Kf2 R1xa2 46. Rxd4+ Rxd4 47. Rxa2 a4 48. Ra3 Kxf4 49. Rf3+ Ke4 50. Re3+ Kd5 51. Rc3 Rc4 52. Re3 Kc5 53. Re5+ Kb4 54. Rxf5 a3 55. Rf8 Kb3 56. Rf3+ Kb2 57. Rf8 Rc3 0-1

[Event "13.Città di Padova Open A"]
[Site "Padova Ex Fornace Carotta"]
[Date "2010.12.17"]
[Round "7.12"]
[White "Milazzo, Mario"]
[Black "Litrico, Paolo"]
[Result "1-0"]
[WhiteElo "2096"]
[BlackElo "1946"]
[Annotator "Gabriele Ballarin"]
[PlyCount "75"]
[EventDate "2010.12.12"]
[EventType "swiss"]
[EventRounds "9"]
[EventCountry "ITA"]

1. Nf3 f5 2. e4 d6 3. Nc3 Nf6 4. exf5 Bxf5 5. d4 Nbd7 6. Bd3 Bg4 7. h3 Bh5 8. g4 Bf7 9. g5 Nd5 10. g6 hxg6 11. Nxd5 Bxd5 12. Bxg6+ Bf7 13. Qd3 Rh5 14. Ng5 Rxg5 15. Bxg5 Nf6 16. O-O-O Qd7 17. Rde1 Qa4 18. a3 Qa5 19. Rhg1 Bxg6 20. Qxg6+ Kd7 21. h4 Rd8 22. Bxf6 exf6 23. Qf7+ Kc6 24. Re8 Rxe8 25. Qxe8+ Kb6 26. Qxf8 Qf5 27. Qxg7 Qxf2 28. Qg3 Qf5 29. Qg4 Qf2 30. Rd1 a6 31. d5 c5 32. dxc6 Kxc6 33. Qd4 Qg3 34. h5 Kc7 35. Qxf6 Qe3+ 36. Kb1 d5 37. h6 Qe2 38. Qf7+ 1-0

[Event "13.Città di Padova Open A"]
[Site "Padova Ex Fornace Carotta"]
[Date "2010.12.17"]
[Round "7.16"]
[White "Militello, Michele"]
[Black "Bozzao, Francesco"]
[Result "1-0"]
[WhiteElo "1817"]
[BlackElo "1881"]
[Annotator "Gabriele Ballarin"]
[PlyCount "106"]
[EventDate "2010.12.12"]
[EventType "swiss"]
[EventRounds "9"]
[EventCountry "ITA"]

1. d4 Nf6 2. Nf3 e6 3. e3 b6 4. Bd3 Bb7 5. Nbd2 Be7 6. O-O O-O 7. e4 d6 8. c3 Ba6 9. Bxa6 Nxa6 10. Qe2 Qc8 11. Nb3 c5 12. Bg5 Re8 13. Rac1 c4 14. Nbd2 d5 15. e5 Nd7 16. Bxe7 Rxe7 17. Ng5 h6 18. Nh3 b5 19. a3 Nc7 20. f4 Nf8 21. Qh5 Nh7 22. Nf3 Qe8 23. g4 f5 24. Qxe8+ Raxe8 25. gxf5 exf5 26. Nh4 Rf7 27. Rc2 Re6 28. Rg2 Nf8 29. Kh1 Kh7 30. Rfg1 g6 31. Nf3 Rb6 32. Nf2 Nce6 33. Nh3 a5 34. Nh4 Nc7 35. Nf2 b4 36. axb4 axb4 37. Nd1 Na6 38. Rg3 bxc3 39. bxc3 Ra7 40. Ne3 Rd7 41. Nhxf5 gxf5 42. Nxd5 Rg6 43. Rxg6 Nxg6 44. Nf6+ Kg7 45. Nxd7 Nc7 46. Nb6 Kf7 47. Nxc4 Nxf4 48. Nd6+ Ke6 49. c4 Na6 50. Rg8 Nb4 51. Rf8 Ne2 52. Rf6+ Kd7 53. Nxf5 h5 1-0

[Event "13.Città di Padova Open A"]
[Site "Padova Ex Fornace Carotta"]
[Date "2010.12.17"]
[Round "7.17"]
[White "Lodi, Paolo"]
[Black "Bondielli, Giorgio"]
[Result "0-1"]
[WhiteElo "1641"]
[BlackElo "1872"]
[Annotator "Gabriele Ballarin"]
[PlyCount "68"]
[EventDate "2010.12.12"]
[EventType "swiss"]
[EventRounds "9"]
[EventCountry "ITA"]

1. c4 e5 2. g3 Nf6 3. Bg2 g6 4. Nc3 Bg7 5. e4 Nc6 6. Nge2 O-O 7. O-O d6 8. d3 Be6 9. h3 Qd7 10. Kh2 Rad8 11. Be3 h6 12. b3 Kh7 13. Qd2 Qc8 14. Nd5 Bxd5 15. cxd5 Nd4 16. Bxd4 exd4 17. Rac1 c5 18. dxc6 bxc6 19. Rc4 c5 20. f4 Nd7 21. Rfc1 Qb8 22. g4 Rc8 23. Ng3 Rfe8 24. Rf1 Re7 25. Rcc1 Rf8 26. f5 Be5 27. fxg6+ fxg6 28. Rxf8 Nxf8 29. Rf1 Ne6 30. h4 Qe8 31. Kh3 Rf7 32. Rxf7+ Qxf7 33. Ne2 Qf2 34. Qa5 Qe3+ 0-1

[Event "13.Città di Padova Open A"]
[Site "Padova Ex Fornace Carotta"]
[Date "2010.12.17"]
[Round "7.18"]
[White "De Marchi, Alessandro"]
[Black "Belloni, Umberto"]
[Result "1-0"]
[WhiteElo "1666"]
[BlackElo "1866"]
[Annotator "Gabriele Ballarin"]
[PlyCount "145"]
[EventDate "2010.12.12"]
[EventType "swiss"]
[EventRounds "9"]
[EventCountry "ITA"]

1. d4 d5 2. c4 c6 3. Nd2 f5 4. g3 Nf6 5. Bg2 e6 6. Ngf3 Bd6 7. b3 O-O 8. Bb2 Qe8 9. O-O Qh5 10. Ne5 Nbd7 11. Ndf3 Ne4 12. cxd5 cxd5 13. Nxd7 Bxd7 14. Ne5 Bb5 15. f3 Ng5 16. Rc1 Nh3+ 17. Kh1 f4 18. g4 Qh4 19. Qe1 Qh6 20. a4 Ba6 21. b4 b5 22. Rc6 Bxe5 23. dxe5 Bc8 24. Bxh3 Qxh3 25. a5 h5 26. Rg1 Bd7 27. Rc7 Rf7 28. Bd4 a6 29. g5 g6 30. Qb1 Kg7 31. Bf2 Rd8 32. Qd3 Rc8 33. Rxc8 Bxc8 34. Qc3 Bb7 35. Qd4 Qf5 36. Qc5 Rd7 37. Bd4 Qf7 38. Rc1 Qe7 39. Qxe7+ Rxe7 40. h4 Rd7 41. Kg1 Rf7 42. Kf2 Kf8 43. Ke1 Rd7 44. Kd2 Ke7 45. Kd3 Kd8 46. Bb6+ Ke7 47. Kd4 Ke8 48. Bc7 Ke7 49. Rc5 Ba8 50. Bd6+ Kd8 51. Rc1 Bb7 52. Kc5 Bc8 53. Kb6 Rb7+ 54. Kc6 Rd7 55. Kc5 Rb7 56. Kd4 Ra7 57. Bc5 Rc7 58. Rd1 Rc6 59. Kc3 Bb7 60. Rd4 Ke8 61. Rxf4 Kd8 62. Rf8+ Kd7 63. Rf6 Rc8 64. Rxg6 Rf8 65. Rf6 Bc8 66. g6 Rg8 67. Rf7+ Ke8 68. Re7+ Kd8 69. g7 Bd7 70. Kd4 Kc7 71. Rf7 Kc6 72. Bf8 Bc8 73. Rf6 1-0

[Event "13.Città di Padova Open A"]
[Site "Padova Ex Fornace Carotta"]
[Date "2010.12.17"]
[Round "7.19"]
[White "Rizzo, Giuseppe"]
[Black "Traversi, Carlo"]
[Result "0-1"]
[WhiteElo "1671"]
[BlackElo "1652"]
[Annotator "Gabriele Ballarin"]
[PlyCount "50"]
[EventDate "2010.12.12"]
[EventType "swiss"]
[EventRounds "9"]
[EventCountry "ITA"]

1. d4 Nf6 2. Nf3 g6 3. Bf4 Bg7 4. Nc3 d5 5. Qd2 Bg4 6. Ne5 Bf5 7. Bh6 O-O 8. f3 Nc6 9. Nxc6 bxc6 10. g4 Be6 11. h4 Qd6 12. Bxg7 Qg3+ 13. Kd1 Kxg7 14. b3 Bxg4 15. Kc1 Bh5 16. Kb2 Qd6 17. Na4 e5 18. c3 Rae8 19. Bg2 e4 20. Nc5 exf3 21. Bxf3 Bxf3 22. exf3 Nh5 23. Nd3 Re7 24. Rag1 Rfe8 25. Qg5 Re2+ 0-1

[Event "13.Città di Padova Open A"]
[Site "Padova Ex Fornace Carotta"]
[Date "2010.12.18"]
[Round "8.1"]
[White "Genocchio, Daniele"]
[Black "Laketic, Gojko"]
[Result "1/2-1/2"]
[WhiteElo "1433"]
[BlackElo "1459"]
[Annotator "Gabriele Ballarin"]
[PlyCount "29"]
[EventDate "2010.12.12"]
[EventType "swiss"]
[EventRounds "9"]
[EventCountry "ITA"]

1. e4 d6 2. d4 Nf6 3. f3 e5 4. d5 Be7 5. Be3 Nh5 6. c4 c5 7. Nc3 a6 8. g3 Nd7 9. f4 exf4 10. gxf4 Bh4+ 11. Kd2 g6 12. Nf3 Bf6 13. Bd3 O-O 14. a4 Re8 15. Rg1 1/2-1/2

[Event "13.Città di Padova Open A"]
[Site "Padova Ex Fornace Carotta"]
[Date "2010.12.18"]
[Round "8.3"]
[White "Zaja, Ivan"]
[Black "Mrdja, Milan"]
[Result "1-0"]
[WhiteElo "2489"]
[BlackElo "2418"]
[Annotator "Gabriele Ballarin"]
[PlyCount "75"]
[EventDate "2010.12.12"]
[EventType "swiss"]
[EventRounds "9"]
[EventCountry "ITA"]

1. d4 d6 2. e4 Nf6 3. Nc3 g6 4. f4 Bg7 5. Nf3 c5 6. dxc5 Qa5 7. Qd4 Nc6 8. Bb5 Bd7 9. Qa4 Qxa4 10. Bxa4 dxc5 11. e5 Ng4 12. h3 Nh6 13. Be3 Rc8 14. g4 Nb8 15. Bxd7+ Nxd7 16. O-O-O Nb6 17. Ne4 Nd7 18. Rh2 b6 19. Nfg5 Nb8 20. c3 O-O 21. Rhd2 Rc6 22. Rd8 Rc8 23. Rxf8+ Bxf8 24. a4 Bg7 25. Kc2 f6 26. exf6 Bxf6 27. Ne6 Nf7 28. Nxf6+ exf6 29. f5 Ne5 30. Bf4 Nbd7 31. a5 Kf7 32. a6 Ke7 33. Bxe5 Nxe5 34. Nf4 Rd8 35. Rxd8 Kxd8 36. fxg6 hxg6 37. Nd5 Nd7 38. h4 1-0